| 000 | 01632cam a22003854a 4500 | ||
|---|---|---|---|
| 001 | 15311645 | ||
| 005 | 20090831142722.0 | ||
| 008 | 080528s2009 paua |dbe 001 0 eng | ||
| 010 | _a 2008023519 | ||
| 016 | 7 |
_a101475159 _2DNLM |
|
| 020 | _a9780781798327 (alk. paper) | ||
| 020 | _a0781798329 (alk. paper) | ||
| 035 | _a(OCoLC)230847995 | ||
| 035 | _a(OCoLC)ocn230847995 | ||
| 040 |
_aDNLM/DLC _cDLC _dNLM _dBAKER _dBTCTA _dYDXCP _dC#P _dDLC |
||
| 042 | _apcc | ||
| 050 | 0 | 0 |
_aRT21 _b.L57 2009 |
| 060 | 0 | 0 | _a2009 A-163 |
| 060 | 1 | 0 |
_aWY 13 _bL7655 2009 |
| 082 | 0 | 0 |
_a610.7303 _222 _bCLI |
| 245 | 0 | 0 | _aLippincott's Visual Encyclopedia of Clinical Skills/ |
| 246 | 3 | 0 | _aVisual encyclopedia of clinical skills |
| 260 |
_aPhiladelphia : _bWolters Kluwer Health/Lippincott Williams & Wilkins, 2009 _cc2009. |
||
| 300 |
_axiii, 625 p. : _bcol. ill. ; _c29 cm. |
||
| 504 | _aIncludes bibliographical references and index. | ||
| 650 | 0 |
_aNursing _vEncyclopedias. _912598 |
|
| 650 | 0 |
_aNursing _vAtlases. _912599 |
|
| 650 | 1 | 2 |
_aNursing Care _xmethods _vEncyclopedias _xEnglish. _912600 |
| 650 | 2 | 2 |
_aClinical Competence _vEncyclopedias _xEnglish. _912601 |
| 710 | 2 |
_aLippincott Williams & Wilkins. _912602 |
|
| 856 | 4 | 1 |
_3Table of contents only _uhttp://www.loc.gov/catdir/toc/ecip0820/2008023519.html |
| 942 |
_2ddc _cREFERENCE |
||
| 999 |
_c13659 _d13659 |
||